000 01113naa a2200313 c 4500
001 50016
999 _c50016
_d50016
003 ES-MaCES
005 20171005142727.0
008 171005s2017 fr ||||| t||||||| ||fre d
040 _aES-MaCES
_bspa
_cES-MaCES
_dES-MaCES
100 _938601
_aCukier, Kenneth
245 1 0 _aBig Data et algorithmes
_b: la course aux données
_cKenneth Cukier
500 _aResumen
504 _aBibliografía: p. 50
650 4 _926781
_aeconomía
650 4 _930104
_atecnología de la información
650 4 _930788
_anuevas tecnologías
650 4 _928236
_acambio tecnológico
650 4 _928876
_aanálisis de datos
650 4 _928848
_arecopilación de datos
650 4 _928873
_ainformática
650 4 _930136
_aprogramación de computadora
650 4 _928299
_aempleo
650 4 _927082
_aconsecuencias económicas
653 1 0 _aEmpleo
773 0 _986612
_dParis La documentation Française [1956]-
_o089509
_tCahiers français
_w(ES-MaCES)49992
_gnº 392 (mai-juin 2016) {55/1147 R. 089509} ;p. 45-50
902 _aART Artículo de revista
942 _2CES
_cAR
_h2.0.